<?xml version="1.0" encoding="UTF-8"?><collection xmlns="info:lc/xmlns/marcxchange-v2"><record format="Unimarc" type="bibliographic"><leader>00588cam  2200217   450 </leader><controlfield tag="001">1888147</controlfield><controlfield tag="003">http://id.bnportugal.gov.pt/bib/porbase/1888147</controlfield><controlfield tag="005">20030526173700.0</controlfield><datafield ind1=" " ind2=" " tag="010"><subfield code="a">0-521-434378</subfield></datafield><datafield ind1=" " ind2=" " tag="035"><subfield code="6">03740</subfield></datafield><datafield ind1=" " ind2=" " tag="095"><subfield code="a">PTBN00814037</subfield></datafield><datafield ind1=" " ind2=" " tag="100"><subfield code="a">19951227d1995    k  y0pory0103    ba</subfield></datafield><datafield ind1="0" ind2=" " tag="101"><subfield code="a">eng</subfield></datafield><datafield ind1=" " ind2=" " tag="102"><subfield code="a">GB</subfield></datafield><datafield ind1="1" ind2=" " tag="200"><subfield code="a">&lt;The &gt;Cambridge guide to theatre</subfield><subfield code="f">Martin Banham</subfield></datafield><datafield ind1=" " ind2=" " tag="205"><subfield code="a">New ed</subfield></datafield><datafield ind1=" " ind2=" " tag="210"><subfield code="a">Cambridge</subfield><subfield code="c">University Press</subfield><subfield code="d">1995</subfield></datafield><datafield ind1=" " ind2=" " tag="215"><subfield code="a">XIII, 1233 p.</subfield></datafield><datafield ind1=" " ind2=" " tag="675"><subfield code="a">792(03)</subfield><subfield code="v">BN</subfield><subfield code="z">por</subfield><subfield code="3">466543</subfield></datafield><datafield ind1=" " ind2="1" tag="700"><subfield code="a">Banham</subfield><subfield code="b">Martin</subfield><subfield code="3">1490604</subfield></datafield><datafield ind1=" " ind2="0" tag="801"><subfield code="a">PT</subfield><subfield code="b">BN</subfield><subfield code="g">RPC</subfield></datafield><datafield ind1=" " ind2=" " tag="977"><subfield code="1">JF 37-4-2</subfield><subfield code="2">coop</subfield><subfield code="4">UCLE</subfield><subfield code="6">mq972178</subfield><subfield code="7">bc</subfield><subfield code="8">coop</subfield><subfield code="9">UCLE</subfield><subfield code="b">01628</subfield><subfield code="k">0</subfield></datafield><datafield ind1=" " ind2=" " tag="998"><subfield code="a">CLE43-1211</subfield></datafield></record></collection>